| 000 -LEADER |
| fixed length control field |
00665nam a22002177a 4500 |
| 003 - CONTROL NUMBER IDENTIFIER |
| control field |
OSt |
| 005 - DATE AND TIME OF LATEST TRANSACTION |
| control field |
20190422063847.0 |
| 008 - FIXED-LENGTH DATA ELEMENTS--GENERAL INFORMATION |
| fixed length control field |
180305b xxu||||| |||| 00| 0 spa d |
| 020 ## - INTERNATIONAL STANDARD BOOK NUMBER |
| International Standard Book Number |
9502005139 |
| 040 ## - CATALOGING SOURCE |
| Transcribing agency |
PJ |
| 100 ## - ASIENTO PRINCIPAL - NOMBRE DE PERSONA |
| 9 (RLIN) |
3984 |
| Personal name |
Valente, Carmelo Gerardo |
| 245 10 - MENCIÓN DE TÍTULO |
| Título propiamente dicho |
Tratado de socio-economía urbanística / |
| Mención de responsabilidad, etc |
Carmelo Gerardo Valente. |
| 260 ## - PUBLICATION, DISTRIBUTION, ETC. (IMPRINT) |
| Place of publication, distribution, etc |
Buenos Aires : |
| Name of publisher, distributor, etc |
Abeledo-Perrot, |
| Date of publication, distribution, etc |
1989. |
| 300 ## - DESCRIPCION FISICA |
| Extent |
317 p. |
| Dimensions |
24 cm. |
| 500 ## - NOTA GENERAL |
| General note |
Notas a pie de página.<br/> |
| 504 ## - NOTA DE BIBLIOGRAFÍA, ETC. |
| Bibliography, etc |
Bibliografía: p 313-314. |
| 650 #0 - ASIENTO SECUNDARIO DE MATERIA - TERMINO TEMATICO |
| 9 (RLIN) |
292 |
| Topical term or geographic name as entry element |
ECONOMIA Y FINANZAS |
| 650 #0 - ASIENTO SECUNDARIO DE MATERIA - TERMINO TEMATICO |
| 9 (RLIN) |
247 |
| Topical term or geographic name as entry element |
SOCIOLOGIA |
| 650 #0 - ASIENTO SECUNDARIO DE MATERIA - TERMINO TEMATICO |
| 9 (RLIN) |
3222 |
| Topical term or geographic name as entry element |
PLANEAMIENTO URBANO |
| 942 ## - ADDED ENTRY ELEMENTS (KOHA) |
| Source of classification or shelving scheme |
|
| Koha item type |
Libros |
| Classification part |
330:316 |
| Item part |
VAL |